1470 1044 1640 1363 1778 1948 1611 1867 1541 1364 1024 1102 1074 1945 1626 1723 1078 1939 1602 1926 1224 1738 1961 1417 1876 1332 1498 1993 1199 1474 1827 1920 1965 1623 1159 1946 1422 1220 1288 1884 1418 1064 1651 1489 1994 1675 1159 1726 1452 1690 1898 1996 1319 1702 1853 1771 1802 1187 1891 1302 1639 1706 1571 1922 1780 1635 1247 1997 1846 1173 1283 1969 1779 1537 1832 1555 1817 1268 1692 1410 1803 1149 1675 1617 1845 1219 1734 1212 1344 1183 1589 1646 1998 1793 1105 1161 1248 1959 1456 BCNSPRNW ULIB Ver.6.0+V

เปลี่ยนเป็นภาษาไทย

Change to English
 แสดงรายละเอียดบรรณานุกรม
  กลับหน้าหลัก

Brief Record : Get Marc (ISO 2709) : E-mail record : QR code < ปิดหน้าต่าง
LEADER : 00000nam 2200000uu 4500
001    13399123962
003     ULIB
008    141216s2543||||th 000 0 tha d
020    ^a9748714187
041 0  ^aengtha
050  4 ^aPL4187^bE58 2000
245 10 ^aEnglish by example :^ba dictionary of English collocationswith Thai translations /^ccompiled by Wong Wattanaphichet
246 30 ^aA dictionary of English collocations with Thaitranslations
250    ^a1st ed.
260    ^aBangkok :^b67 Publications,^c2543
300    ^axiii, 951 p. ;^c21 cm.
500    ^aSend to Single Search
650  0 ^aEnglish language^vDictionaries^xThai
700 0  ^aWong Wattanaphichet,^ecomp.
945    ^p425^l0^i014919
999    ^aเกษร โพธิ์สุวรรณ
รายการนี้ยังไม่มีแท็ก
คุณยังไม่ได้ล็อกอิน คุณสามารถมีกิจกรรมร่วมกับเว็บไซต์ได้ แต่ต้องล็อกอินก่อน ::
  ล็อกอิน

รายการสื่อสารสนเทศ

ลำดับที่ ประเภท เลขเรียก/บาร์โค้ด สถานที่ สถานะ
1. การศึกษาทั่วไป
การศึกษาทั่วไป
PL4187 E58 2000 ฉ.1 
  Barcode: 014919
ห้องสมุดวิทยาเขตสวรรค์ประชารักษ์
►หนังสือทั่วไป
บนชั้น

BibComment


ยังไม่เคยถูกคอมเมนท์

คอมเมนท์ทรัพยากรรายการนี้
  คอมเมนท์: English by examp..


 Copyright 2026. Bcnsprnw @Library